[Event "TUR-chT2"]
[Site "Konya"]
[Date "2018.07.13"]
[Round "6.24"]
[White "Sapmaz, Ismail Tolga"]
[Black "Bulcun, Omer"]
[Result "1-0"]
[WhiteElo "1478"]
[BlackElo "1226"]
[PlyCount "164"]
[EventDate "2018.07.10"]
[EventType "team-swiss"]
[EventRounds "9"]
[EventCountry "TUR"]
[SourceTitle "EXT 2019"]
[Source "ChessBase"]
[SourceDate "2018.10.10"]
[SourceVersion "1"]
[SourceVersionDate "2018.10.10"]
[SourceQuality "1"]
[WhiteTeam "Osmaneli Belediye"]
[BlackTeam "Corum Merkez Yatili"]
[WhiteTeamCountry "TUR"]
[BlackTeamCountry "TUR"]

1. e4 e5 2. Nf3 Nc6 3. d4 exd4 4. Bc4 h6 5. Nxd4 Nxd4 6. Qxd4 Nf6 7. Nc3 Bb4 8. Bxf7+ Kxf7 9. Qxb4 Re8 10. 0-0 Qe7 11. Qc4+ d5 12. exd5 Qd6 13. Bf4 b5 14. Bxd6 bxc4 15. Bxc7 Re7 16. Bf4 Bf5 17. Rac1 Rd8 18. Rfd1 Rb7 19. b3 Rc8 20. f3 cxb3 21. cxb3 Rd7 22. d6 Rc6 23. Na4 Rxc1 24. Rxc1 Nd5 25. Bg3 g5 26. Nc5 Rd8 27. Ne4 Nf4 28. Bxf4 gxf4 29. Rc7+ Ke6 30. Rxa7 Bxe4 31. fxe4 Rxd6 32. Ra5 Rd4 33. Ra4 Rd6 34. Kf2 Kf6 35. Kf3 Rd2 36. h4 Ke5 37. Ra5+ Kf6 38. Kxf4 Rxg2 39. Ra6+ Kg7 40. e5 h5 41. Kf5 Rg4 42. Ra4 Rg3 43. Ke6 Rg4 44. Ra7+ Kg6 45. Ra4 Rg3 46. Re4 Rg2 47. a4 Rg4 48. Kd5 Kf5 49. Rxg4 hxg4 50. e6 g3 51. e7 g2 52. e8Q Kg4 53. Qg6+ Kh3 54. Qxg2+ Kxg2 55. h5 Kf2 56. h6 Ke3 57. h7 Kd3 58. h8R Kc3 59. Rb8 Kb2 60. b4 Ka3 61. a5 Ka4 62. a6 Ka3 63. b5 Ka4 64. b6 Kb5 65. a7 Ka5 66. a8N Kb5 67. Kd6 Ka6 68. Kc7 Kb5 69. b7 Ka6 70. Nb6 Ka5 71. Rd8 Ka6 72. Nc8 Ka5 73. b8N Kb5 74. Rd5+ Kc4 75. Ne7 Kb4 76. Nd7 Kc4 77. Kc6 Kb4 78. Rc5 Ka4 79. Rb5 Ka3 80. Nd5 Ka2 81. Nc5 Ka3 82. Rb3+ Ka2 1-0